Logo BPK

Biblioteka

Politechniki Koszalińskiej

Linqua land : (Rekord nr 22163)

Szczegóły MARC
000 -ETYKIETA REKORDU
podpole kontrolne o stałej długości 00519nam a2200181 i 4500
001 - NUMER KONTROLNY REKORDU
pole kontrolne bg
040 ## - ŹRÓDŁO KATALOGOWANIA
Instytucja, która utworzyła rekord BPK
041 ## - KOD JĘZYKA
Kod języka tekstu pol
080 ## - UNIWERSALNA KLASYFIKACJA DZIESIĘTNA - UKD
UKD 802.0:69+624+72(075.8)
008 - POLE O STAŁEJ DŁUGOŚCI - DANE KONTROLNE
podpole kontrolne o stałej długości s pl f |000 0 pol
100 1# - NAZWA OSOBOWA
Nazwa osobowa FODEMSKA, Urszula.
245 #0 - TYTUŁ/ODPOWIEDZIALNOŚĆ
Tytuł Linqua land :
Ciąg dalszy tytułu building and architecture /
Pozostałe elementy strefy tytułu i oznaczenia odpowiedzialności Urszula Fodemska, Ewa Wiśniewska, Anna Wojtaś.
260 ## - STREFA ADRESU WYDAWNICZEGO
Miejsce wydania Warszawa :
Nazwa wydawcy/dystrybutora Wydawn. Polit. Warsz.,
Data publikacji, dystrybucji/powstania dokumentu 1983.
300 ## - STREFA OPISU FIZYCZNEGO
Objętość s. 134 :
Inne cechy fizyczne rys.
700 1# - HASŁO DODATKOWE - NAZWA OSOBOWA
Nazwa osobowa WIŚNIEWSKA, Ewa.
700 1# - HASŁO DODATKOWE - NAZWA OSOBOWA
Nazwa osobowa WOJTAŚ, Anna.
856 ## - LOKALIZACJA I DOSTĘP DO ELEKTRONICZNYCH DOKUMENTÓW ZDALNYCH
Link (URL) http://koha.tu.koszalin.pl/cgi-bin/koha/opac-detail.pl?biblionumber=22163
Tekst linku Katalog online BPK
942 ## - DODATKOWE ELEMENTY (KOHA)
Typ dokumentu Książka
Egzemplarze
Wycofany Status egzemplarza Uszkodzony Dostępność Lokalizacja stała Lokalizacja bieżąca Miejsce przechowywania Sygnatura Kod kreskowy Typ dokumentu
      Dostępny Biblioteka Politechniki Koszalińskiej Biblioteka Politechniki Koszalińskiej Wypożyczalnia BG 31122 01019407 Książka
© 2023 Biblioteka Politechniki Koszalińskiej :: KOHA